000 00999cam a2200337 4500
999 _c60974
_d60974
001 1155392647
003 DE-627
005 20201123142723.0
007 tu
008 000609s1928 xx ||||| 00| ||ger c
035 _a(DE-627)1155392647
035 _a(DE-576)085392642
035 _a(DE-599)BSZ085392642
035 _a(OCoLC)24170445
035 _a(DE-604)8064129128
040 _aDE-627
_bger
_cDE-627
_erakwb
_dSTAFF
041 _ager
082 0 _a709
084 _aLH 65000
_2rvk
_0(DE-625)rvk/94517:
100 1 _aHausenstein, Wilhelm
_d1882-1957
_0(DE-588)118547003
_0(DE-627)137050798
_0(DE-576)161332277
_4aut
245 1 0 _aKunstgeschichte
_cWilhelm Hausenstein
264 1 _aBerlin
_bDt. Buch-Gemeinschaft
_c1928
300 _aVII, 529 S.
_bzahlr. Ill.
336 _aText
_btxt
_2rdacontent
337 _aohne Hilfsmittel zu benutzen
_bn
_2rdamedia
338 _aBand
_bnc
_2rdacarrier
500 _aIn Fraktur
951 _aBO
942 _2z
_cBK